000 00927nam a2200265Ia 4500
005 20220429140548.0
008 210716s2009 xx 000 0 und d
020 _a9789387687240
040 _cAIMIT LIBRARY
041 _aeng
082 _a332.12
_23
_bAROA
100 _aArondekar, A M.
_914697
245 _aPrinciples and practices of banking:
_bfor JAIIB / diploma in banking and finance examination /
_cBy A. M. Arondekar...[et.al.].
250 _a3rd ed.
260 _aNew Delhi :
_bMacmillan India Ltd ,
_c2009 .
260 _aMumbai :
_bIndian institute of banking and Finance ,
_c2018
300 _avi, 674p. ;
_c24 cm.
650 _aIndian financial system
_914698
650 _aBanking technology
_914699
650 _aConsumer behaviour and product
_914700
700 _aAgarwal, O P.
_914701
700 _aNath, Onkar.
_914702
700 _aKhandelwal, P S.
_914703
942 _2ddc
_cBK
_e3rd
_k332.12 AROA
999 _c210690
_d210690